Teen X: Relapsed Tracklist (Ken Carson) - Statistics

General Stats
  • This quiz has been taken 96 times
  • The average score is 4 of 5
Answer Stats
Hint Answer % Correct
3 Butterfly
87%
1 Teen X Babe
78%
4 High As Sh!T
70%
2 Teenager Rager
65%
5 On The Low
55%
No matching quizzes found
Score Distribution
Percent of People with Each Score
Percentile by Number Answered
Your Score History
You have not taken this quiz